The Clock
| Main Author: | |
|---|---|
| Format: | Book |
| Published: |
London :
HarperCollins Publishers ,
1993
|
MARC
| LEADER | 00000cam a2200000 7i4500 | ||
|---|---|---|---|
| 001 | 0000009038 | ||
| 002 | 000009848 | ||
| 005 | 20040705.0 | ||
| 020 | |a 0006161731 | ||
| 090 | 0 | 0 | |a F |b CHR |
| 100 | 1 | |a Christie, Agatha | |
| 245 | 1 | 4 | |a The Clock |c Agatha Christie |
| 260 | |a London : |b HarperCollins Publishers , |c 1993 | ||
| 300 | |a 250p. ; |c 17cm. | ||
| 999 | |a 00176175 |b BUKU |c PINJAMAN |e PERPUSTAKAAN KOMUNITI PETALING JAYA | ||
| 999 | |a 00176176 |b BUKU |c PINJAMAN |e PERPUSTAKAAN KOMUNITI PETALING JAYA | ||
| 999 | |a 018048 |b BUKU |c PINJAMAN |e PERPUSTAKAAN KOMUNITI PETALING JAYA | ||